Holiday Quiz

Random Holiday or Christmas Quiz

Santa Around the World Quiz Stats

 Plays Quiz Updated May 30, 2019

Score 0/18 Timer 04:00
1 Play Today
Country Name % Correct
United StatesSanta Claus
98.2%
EnglandFather Christmas
50.1%
FrancePère Noël
26.5%
GermanyWeihnachtsmann or Christkind
24.1%
SpainPapá Noel
21%
Dutch (Holland & Belgium)Kerstman
6.7%
ItalyBabbo Natale
4.3%
RussiaDed Moroz
3.1%
BrazilPapai Noel
2.4%
Country Name % Correct
DenmarkJulemanden
2.2%
SwedenJultomten
2%
JapanHoteiosho
1.8%
NorwayJulenissen
1.7%
HungaryMikulás
1.3%
PortugalPai Natal
1.3%
TurkeyNoel Baba
1.3%
WalesSiôn Corn
1.1%
IcelandJólasveinn
0.7%

You're not logged in!

Compare scores with friends on all Sporcle quizzes.
OR
Log In

Show Comments

Extras

Top Quizzes Today


Score Distribution

Your Account Isn't Verified!

In order to create a playlist on Sporcle, you need to verify the email address you used during registration. Go to your Sporcle Settings to finish the process.

Report this User

Report this user for behavior that violates our Community Guidelines.

Details: